| 000 | 00673nam a22001577a 4500 | ||
|---|---|---|---|
| 003 | OSt | ||
| 005 | 20151006094712.0 | ||
| 008 | 151006b xxu||||| |||| 00| 0 eng d | ||
| 040 | _cRUA | ||
| 082 | _aAVM SOE 2005 B075 Or.1 | ||
| 100 |
_92112 _aSOEUNG, SITHARITH. |
||
| 245 | _aThe effect of using fermented rice bran with ruminant faces on growth rate of fattening pigs (ឥទ្ធិពលនៃការប្រើប្រាស់ល្បើងកន្ទក់លាយលាមកគោទៅលើការលូតលាស់របស់ជ្រូកសាច់) | ||
| 260 |
_aPhnom Penh _bRUA _c2005 |
||
| 300 |
_aix, 47p. _bill. _c29cm. |
||
| 942 |
_2ddc _cAVM |
||
| 999 |
_c1987 _d1987 |
||